Impact of flood characteristics on damage caused to UK domestic properties: the perceptions of building surveyors (Record no. 74497)

MARC details
000 -LEADER
fixed length control field 01261cab a2200241 4500
001 - CONTROL NUMBER
control field ABS68078
008 - FIXED-LENGTH DATA ELEMENTS--GENERAL INFORMATION
fixed length control field 040809n2004 000 0 eng u
035 ## - SYSTEM CONTROL NUMBER
System control number (Sirsi) u127036
100 ## - MAIN ENTRY--PERSONAL NAME
Personal name Soetanto, R.
245 ## - TITLE STATEMENT
Title Impact of flood characteristics on damage caused to UK domestic properties: the perceptions of building surveyors
260 ## - PUBLICATION, DISTRIBUTION, ETC.
Date of publication, distribution, etc. 2004
490 ## - SERIES STATEMENT
Series statement Structural Survey
Volume/sequential designation 22(2) 2004, 95-104(10)
520 ## - SUMMARY, ETC.
Summary, etc. Presents the perceptions of 289 building surveyors regarding flood characteristics as part of a two-year research project to benchmark the assessment of flood-damaged domestic properties in the UK. Surveyors perceived the sewage, fasciae and contaminant content and depth of the floodwater. Findings also revealed that methods to determine these factors were primarily a function of individual subjective perceptions. Definitive guidance is therefore needed to minimise variations in subsequent repair and reinstatement works. Tables, graphs and references. [Taken from article abstract].
590 ## - LOCAL NOTE (RLIN)
Local note ABS
650 ## - SUBJECT ADDED ENTRY--TOPICAL TERM
Topical term or geographic name entry element FLOODING
650 ## - SUBJECT ADDED ENTRY--TOPICAL TERM
Topical term or geographic name entry element Contamination
9 (RLIN) 6231
650 ## - SUBJECT ADDED ENTRY--TOPICAL TERM
Topical term or geographic name entry element CLIMATE CHANGE
650 ## - SUBJECT ADDED ENTRY--TOPICAL TERM
Topical term or geographic name entry element DOMESTIC BUILDINGS
650 ## - SUBJECT ADDED ENTRY--TOPICAL TERM
Topical term or geographic name entry element FLOOD DAMAGE
690 ## - LOCAL SUBJECT ADDED ENTRY--TOPICAL TERM (OCLC, RLIN)
Topical term or geographic name as entry element BUILT ENVIRONMENT
700 ## - ADDED ENTRY--PERSONAL NAME
Personal name Proverbs, D.
942 ## - ADDED ENTRY ELEMENTS (KOHA)
Suppress in OPAC 0
Holdings
Withdrawn status Lost status Source of classification or shelving scheme Damaged status Not for loan Home library Current library Shelving location Date acquired Total Checkouts Full call number Barcode Date last seen Copy number Price effective from Koha item type
    Dewey Decimal Classification     London London Journal article 09/08/2004   ABS68078 127036-1001 06/08/2019 1 06/08/2019 Journal article